000 01730nam a22004577a 4500
001 000096852
003 CHAP
005 20220329143216.0
008 070221d2007 mx ad r 00110 spa d
010 _a93318
011 _a94290
035 _a104877
040 _cCHAP
090 _aTesis
100 0 0 _aGuevara Vázquez, Efren.
_951329
245 1 0 _aAislamiento, caracterización e identificación de microorganismos tipo levadura asociados a Ustilago maydis /
_c/por Efren Guevara Vázquez.
260 _aChapingo, Méx. :
_bEl autor,
_c2007.
300 _a64 h. :
_bilus. ; gráfs. ; cuadros.
502 _aTesis (M. C. en Protección Vegetal) -- UACH. Departamento de Parasitología Agrícola
590 _aALEPH
_b10
_c20130110
_lUCH01
_h1516
590 _aBATCH-UPD
_b10
_c20130110
_lUCH01
_h0725
590 _aBATCH-UPD
_b10
_c20130410
_lUCH01
_h0409
590 _aBATCH-UPD
_b10
_c20130914
_lUCH01
_h1114
590 _aBATCH-UPD
_b10
_c20140324
_lUCH01
_h1501
590 _aBATCH-UPD
_b10
_c20141002
_lUCH01
_h0833
590 _aCONVERSION
_b10
_c20130109
_lUCH01
_h1352
590 _aE792CSJ
_b10
_c20130702
_lUCH01
_h1105
650 1 4 _aCuitlacoche.
_930196
650 1 4 _aHongos fitopatógenos.
_956132
650 1 4 _aLevaduras.
_966401
650 1 4 _aMaíz
_xEnfermedades por hongos.
_970941
650 1 4 _aMicroorganismos en agricultura.
_975527
650 1 4 _aMicroorganismos patógenos.
_975528
856 _3Finding aid
_uhttp://10.13.5.2/tesis/104877.pdf
_zTeclea aquí
901 _aBK
905 _aMarco A. Mendoza T.
942 _cCD
942 _n0
949 _aTesis
_bBC
_cTES
_d33724002024149
_eTS1
_gDonaciØn
_h46539
_i104877
_sb
949 _aTesis
_bBC
_cTES
_d33724002024157
_eTS2
_fc.2
_gDonaciØn
_h46540
_i104877
_si
999 _c93318
_d93318